| 000 | 00482cam a22001097a 4500 | ||
|---|---|---|---|
| 008 | 180718b1983 xxu||||| |||| 00| 0 eng d | ||
| 082 | _aK5x54 In2si | ||
| 245 |
_aSixth five year plan and training _cby Training Division, Department Of Personnel and Administrative Reforms, India |
||
| 260 |
_aDelhi _bTraining Division, Department Of Personnel and Administrative Reforms _c1983 |
||
| 300 | _a20+p. | ||
| 700 | _aIndia. Department Of Personnel and Administrative Reforms. Training Division | ||
| 999 |
_c499974 _d499974 |
||